000 00603nam a2200241Ia 4500
003 OSt
005 20221007070118.0
006 a|||||r|||| 00| 0
007 ta
008 221006b |||||||| |||| 00| 0 eng d
024 _a43,791
037 _cTextual
040 _aFLL
_cFLL
_beng
041 _2eng
_aeng
082 _aZ(Q2), Q6
100 _aDiwan Paras
245 0 _aModern hindu law
250 _a23rd
260 _aFaridabad
_bAllahabad Law Agency India
_c2016
300 _axlviii,640p
_ccm.
942 _hZ(Q2), Q6
_cTEXL
_2CC
999 _c1139432
_d1139432